| 000 | 01538cam a2200361 i 4500 | ||
|---|---|---|---|
| 001 | 40410 | ||
| 003 | Mx-PuUPA | ||
| 005 | 20250205104545.0 | ||
| 008 | 140415s2016 sp ad gr 000 0 spa d | ||
| 017 | _aSA-3-2016 | ||
| 020 |
_a9788429325430 _qEditorial Sal Terrae |
||
| 020 |
_a9788484686095 _qU. P. Comillas |
||
| 040 |
_aMx-PuUPA _bspa _cMx-PuUPA _dMx-PuUPA _erda |
||
| 041 | 1 |
_aspa _hita |
|
| 240 | 1 | 0 |
_aEsplorare I´universo, I´ultima delle periferie. Le sfide della scienza alla teologia. _lEspañol |
| 245 | 0 | 0 |
_aExplorar el universo, última de las periferias : _blos desafíos de la ciencia a la teología / _cedición a cargo de Alessandro Omizzolo y José G. Funes ; Observatorio Vaticano, editor |
| 264 | 1 |
_aMaliaño, Cantabria : _bEditorial Sal Terrae : U. P. Comillas, _c©2016 |
|
| 300 |
_a253 páginas ; _c22 cm |
||
| 336 |
_2rdacontent _atexto _btxt |
||
| 337 |
_2rdamedia _asin medio _bn |
||
| 338 |
_2rdacarrier _avolumen _bnc |
||
| 490 | 0 |
_aColección Ciencia y Religión ; _v7 |
|
| 650 | 7 |
_2armarc _aAstronomía _x |
|
| 650 | 7 |
_2armarc _aIglesia Católica _xDoctrinas |
|
| 650 | 7 |
_2armarc _aReligión y ciencia |
|
| 700 | 1 |
_aOmizzolo, Alessandro, _eeditor _916700 |
|
| 700 | 1 |
_aFunes, José G., _eeditor |
|
| 710 | 1 |
_aObservatorio Vaticano _eeditor |
|
| 765 | 0 |
_aOmizzolo, Alessandro, _dItalia : Editrice Queriniana, 2015 _tEsplorare I´universo, I´ultima delle periferie. Le sfide della scienza alla teologia. |
|
| 942 |
_2ddc _cLI _h215 _iE64 |
||
| 999 |
_c40410 _d40410 |
||